Public Policy (Record no. 3836)
[ view plain ]
| 000 -LEADER | |
|---|---|
| fixed length control field | 00403 a2200157 4500 |
| 003 - CONTROL NUMBER IDENTIFIER | |
| control field | OSt |
| 005 - DATE AND TIME OF LATEST TRANSACTION | |
| control field | 20170105101226.0 |
| 008 - FIXED-LENGTH DATA ELEMENTS--GENERAL INFORMATION | |
| fixed length control field | 160502b xxu||||| |||| 00| 0 eng d |
| 020 ## - INTERNATIONAL STANDARD BOOK NUMBER | |
| International Standard Book Number | 9788120339804 |
| 040 ## - CATALOGING SOURCE | |
| Transcribing agency | 0 |
| 100 ## - MAIN ENTRY--PERSONAL NAME | |
| Personal name | R.K. Sapru |
| 245 ## - TITLE STATEMENT | |
| Title | Public Policy |
| Remainder of title | Art and Craft of Policy Analysis34 |
| Statement of responsibility, etc. | R.K. Sapru |
| 260 ## - PUBLICATION, DISTRIBUTION, ETC. | |
| Place of publication, distribution, etc. | New Delhi |
| Date of publication, distribution, etc. | 2010 |
| Name of publisher, distributor, etc. | PHI |
| 300 ## - PHYSICAL DESCRIPTION | |
| Extent | 344p |
| 942 ## - ADDED ENTRY ELEMENTS (KOHA) | |
| Koha item type | Book |
| Call number prefix | 361.61 SAP |
| Source of classification or shelving scheme | |
| Withdrawn status | Lost status | Source of classification or shelving scheme | Damaged status | Not for loan | Collection code | Permanent Location | Current Location | Shelving location | Date acquired | Total Checkouts | Full call number | Barcode | Checked out | Date last seen | Date last checked out | Price effective from | Koha item type |
|---|---|---|---|---|---|---|---|---|---|---|---|---|---|---|---|---|---|
| Central Library (CL) | Central Library (CL) | General Stacks | 12/08/2016 | 1 | 361.61 SAP | S3H-N-1742 | 12/28/2025 | 11/28/2025 | 11/28/2025 | 12/08/2016 | Book |
